Tòa án nhân dân

Tallennettuna:
Bibliografiset tiedot
Aineistotyyppi: Kirja
Kieli:Undetermined
Julkaistu: Hà Nội Tòa án nhân dân tối cao
Aiheet:
Tagit: Lisää tagi
Ei tageja, Lisää ensimmäinen tagi!
Thư viện lưu trữ: Trung tâm Học liệu Trường Đại học Cần Thơ
LEADER 00510nam a2200169Ia 4500
001 CTU_229312
008 210402s9999 xx 000 0 und d
082 |a 347 
082 |b T401 
245 0 |a Tòa án nhân dân 
245 0 |c Cơ quan của Tòa án nhân dân tối cao 
260 |a Hà Nội 
260 |b Tòa án nhân dân tối cao 
650 |a Courts,Tòa án 
650 |z Vietnam,Việt Nam 
904 |i T.Trang 
980 |a Trung tâm Học liệu Trường Đại học Cần Thơ